000 00800nam a2200229Ia 4500
001 18006
003 GE_BSU
008 181216s||||||||xx |||||||||||||| ||und||
020 _aISSN1512-1186
040 _cGE_BSU
080 _a811.353.3'344
245 _aქართველოლოგი. The Kartvelologist. 8
245 _cრედ. ე. ხინთიბიძე, ა. ჭანტურია
260 _aთბილისი
260 _bთბილ. უნ-ტის გამ-ბა
260 _c2001
300 _a84გვ. ; 20სმ.
520 _aსახელმძღვ.შესრულებულია ქართულ და ინგლისურ ენაზე.
541 _h2 ლ.
653 _aქართველოლოგი
942 _cBK
999 _c51049
_d51049